00694nam a2200205Ia 4500001000600000003000500006008004100011010001100052020001800063040000900081082001500090245015900105260003100264300001100295503003800306504003300344650003200377650004300409700003600452Z_204CHAP220113s9999 xx 000 0 und d a163177 a968-18-1574-2 cCHAP a338.13 A87 aAspectos económicos y administrativos en la empresa agropecuaria: costos, programación lineal y contabilidad /c Alfredo Aguilar Valdéz... [et al.] aMéxico :bLimusa,c  a142 p. aej.1: C/E \ ej.2: C/E \ ej.3: C/E aBibliografía: p. 139 - 142 aAdministración agrícola aAgricultura xx Aspectos económicos aAguilar Valdés, Alfredo, aut.